Loading...
| Fine Arts - Painting and Sculpture | 0 | 8 | 1 | 0 | 75 | 40 | 58.88 | 6 | 8 | 0.00 | 0.00 |
| Literature - World | 0 | 6 | 0 | 1 | 60 | 57 | 86.83 | 3 | 4 | 0.00 | 0.00 |
| Literature - American | 0 | 4 | 1 | 0 | 35 | 36 | 59.75 | 0 | 4 | 0.00 | 0.00 |
| Literature - European | 0 | 4 | 2 | 0 | 30 | 39 | 54.50 | 0 | 4 | 0.00 | 0.00 |
| History - American | 0 | 2 | 0 | 0 | 20 | 75 | 90.00 | 0 | 2 | 0.00 | 0.00 |
| Mythology | 0 | 1 | 0 | 1 | 10 | 115 | 115.00 | 0 | 0 | 0.00 | 0.00 |
| History - European | 0 | 1 | 0 | 0 | 10 | 61 | 61.00 | 1 | 1 | 0.00 | 0.00 |
| Science - Other | 0 | 1 | 0 | 0 | 10 | 42 | 42.00 | 1 | 1 | 0.00 | 0.00 |
| Science - Physics | 0 | 1 | 0 | 0 | 10 | 32 | 32.00 | 1 | 1 | 0.00 | 0.00 |
| Philosophy | 0 | 1 | 0 | 0 | 10 | 61 | 61.00 | 1 | 1 | 0.00 | 0.00 |
| Religion | 0 | 1 | 0 | 0 | 10 | 73 | 73.00 | 0 | 1 | 0.00 | 0.00 |
| Social Science | 0 | 1 | 1 | 0 | 5 | 40 | 40.00 | 1 | 1 | 0.00 | 0.00 |
| Geography | 0 | 0 | 1 | 0 | -5 | 0.00 | 0 | 0 | 0.00 | 0.00 |